Open Data Biblioteca Nacional de Portugal


República Portuguesa: Ministério da Cultura
Biblioteca Nacional de Portugal

Catálogo da BNP: acesso por Identificadores Unívocos
Registos Bibliográficos associados ao registo de autoridade

Etiqueta de registo: 00000nam 2200025 450
001 1968819
003 http://id.bnportugal.gov.pt/bib/catbnp/1968819
100 ## $a20170803d2016 k y0pory01030103ba
101 0# $apor$deng
102 ## $aPT
105 ## $aa m 000yy
106 ## $ar
200 1# $a A materialidade gráfica da revista Presença$e o grafismo e a tipografia no contexto do modernismo português (1927 a 1940)$fCristiana Rodrigues Serejo$gorient. Jorge Manuel dos Reis Tavares Duarte
210 #9 $aLisboa$c[s.n.],$d2016
215 ## $aXV, 304 f.$cil.$d30 cm$eanexos (1 CD-ROM)
328 #1 $aTese dout. Belas-Artes (Design de Comunicação), Fac. Belas-Artes, Univ. Lisboa, 2016
675 ## $a7.05"1927/1940"(043)$vBN$zpor$31693679
675 ## $a766(=1:469)"1927/1940"(043)$vBN$zpor$31693678
700 #1 $aSerejo,$bCristiana Rodrigues$31688088
702 #1 $aReis,$bJorge dos,$f1971-$4727$31012084
801 #0 $aPT$bBN$gRPC
966 ## $lBN$mFGMON$sB.A. 42139 V.$x1

Etiqueta de registo: 00254nam 2200025 450
001 2288635
003 http://id.bnportugal.gov.pt/bib/catbnp/2288635
010 ## $a978-989-36361-2-1
021 ## $aPT$b559776/26
100 ## $a20260623d2026 cd y0pory01030103ba
101 0# $apor
102 ## $aPT
105 ## $aa z 000yy
106 ## $ar
200 1# $aVibrar por simpatia$fAmélia Muge$gdes. Cristiana Serejo
210 #9 $a[S.l.]$cAmélia Muge$cBairro dos Livros,$d2026
215 ## $a63, [1] p.$cil.$d14 cm
700 #1 $aMuge,$bAmélia$f1952-$365967
702 #1 $aSerejo,$bCristiana Rodrigues$4440$31688088
801 #0 $aPT$bBN$gRPC
966 ## $lBN$mFGMON$x1
966 ## $lBN$mFGMON$x1
971 ## $cabrito$d20260623

OpendataBNP@bnportugal.pt | Mais informação sobre acesso aos dados BNP